000 00709nam a2200265Ia 4500
005 20260121170543.0
008 008 260114s9999 xx 000 0 eng d
020 _a9783319711027
037 _aEBOOK
040 _aCRL
040 _beng
040 _cCRL
041 _2eng
041 _aeng
084 _qCRL
100 _aTamra Pearson d'Estrée, Ruth J. Parsons
_91065308
245 0 _aCultural Encounters and Emergent Practices in Conflict Resolution Capacity-Building
260 _bSpringer
260 _bSpringer
260 _c2018
856 _uhttps://link.springer.com/openurl?genre=book&isbn=978-3-319-71102-7
942 _cEBOOK
999 _c1631038
_d1631038